Win the Spanish Election - Statistics

General Stats
  • This quiz has been taken 951 times
    939 since last reset
  • The average score is 152 of 350
Answers on the Map
Answers color-coded by a green-red scale on the quiz's map according to % correct below.
 
Answer Stats
Answer % Correct
Madrid
99%
Barcelona
96%
Valencia
82%
Seville
81%
Málaga
60%
Murcia
55%
Zaragoza
54%
Granada
50%
Cordóba
44%
A Coruña
41%
Alicante
40%
Cádiz
38%
Toledo
34%
Asturias
30%
Balearic Islands
29%
León
27%
Navarre
26%
Santa Cruz de Tenerife
26%
Valladolid
26%
Girona
25%
Las Palmas
24%
Tarragona
23%
Burgos
18%
Almeria
17%
Badajoz
17%
Huelva
17%
Lugo
15%
Salamanca
15%
Cantabria
14%
Jaén
14%
Castellón
13%
Ceuta
13%
Lleida
13%
Pontevedra
13%
Biscay
12%
Cáceres
11%
La Rioja
11%
Melilla
11%
Albacete
9%
Huesca
9%
Ávila
7%
Ourense
7%
Álava
6%
Ciudad Real
6%
Cuenca
5%
Gipuzkoa
5%
Guadalajara
5%
Segovia
5%
Soria
5%
Teruel
5%
Zamora
4%
Palencia
2%
Santa Cruz de Tenerife
0%
No matching quizzes found
Score Distribution
Percent of People with Each Score
Percentile by Number Answered
Your Score History
You have not taken this quiz since the last reset